[Event "11th KIIT Festival 2018"]
[Site "Bhubaneswar"]
[Date "2018.05.30"]
[Round "8"]
[White "Gukesh D"]
[Black "Rathanvel, V S"]
[Result "1/2-1/2"]
[WhiteElo "2426"]
[BlackElo "2292"]
[Annotator "TA"]
[PlyCount "99"]
[EventDate "2018.??.??"]
[EventType "swiss"]
[EventCountry "IND"]
[SourceTitle "playchess.com"]
[Source "ChessBase"]
[SourceQuality "1"]

{[%evp 26,99,8,18,4,-14,18,-6,0,-6,-3,-14,-9,-47,-57,-60,-54,-51,-46,-130,-121,-107,-76,-91,-86,-85,-79,-101,-94,-119,-115,-86,0,-252,-143,-149,-132,-135,-127,-146,-137,-143,-139,-137,-141,-117,-132,-201,-203,-201,-152,-171,-119,-166,-160,-489,-483,-960,-947,-5489,-1268,-29989,-29990,-29996,-6170,-5381,-785,-753,-739,-562,-454,-423,-199,-205,-207,-206]} 1. Nf3 Nf6 2. g3 g6 3. Bg2 Bg7 4. O-O O-O 5. d4 d5 6. c4 dxc4 7. Na3 c3 8. bxc3 c5 9. e3 Nc6 10. Qe2 Bf5 11. Rd1 {D77: Grünfeldindisch (Fianchetto 6.0-0 nicht 6..c6)} Qb6 12. Nd2 (12. Nc4 Qa6 13. Bf1 Rfd8 14. a4 Rac8 15. Bb2 b6 16. h3 h5 17. d5 Na5 18. Nxa5 Qxe2 19. Bxe2 bxa5 {½-½ (41) Melkumyan,H (2633)-Salem,A (2638) Riadh 2017}) 12... cxd4 13. cxd4 Rac8 14. Nb3 {LiveBook: 5 Partien} Rfd8 15. Bb2 Na5 $146 ({Vorgänger:} 15... Be4 16. Bh3 e6 17. Nc5 Bd5 18. Nb5 Ne4 {½-½ (52) Perez Fernandez,J (2404)-Aupi Royo,J (2328) ICCF email 2009}) 16. Nxa5 Qxa5 17. e4 Bg4 18. f3 Bd7 19. Kh1 Ne8 20. Rd3 b5 $36 {[%mdl 2048] Und weiter mit ...b4 wäre nett. Schwarz hat Druck.} 21. Rb3 {[%cal Ra3b5]} Nd6 22. d5 ({Lieber} 22. e5 $15 Nf5 23. f4 (23. Nxb5 Be6 $17)) 22... Bxb2 23. Qxb2 Rc5 24. Nc2 Rdc8 25. Nd4 Nc4 26. Qc3 {[#]} Qb6 $1 27. Rbb1 Ne5 28. Qd2 Nc4 ({Besser ist} 28... Rc4 $17 29. Rd1 Ra4) 29. Qh6 $2 {[%mdl 8192]} (29. Qc3 $11) 29... Qf6 (29... R5c7 $19 30. Nxb5 Bxb5) 30. Nb3 $17 R5c7 31. Re1 Ne5 32. Qe3 Rc3 33. Qxa7 Rxf3 34. Rf1 Rxf1+ 35. Rxf1 Qd6 36. Qe3 (36. Qf2 $17) 36... Rc2 $19 37. Qa7 h5 38. Nd4 Rd2 (38... Rb2 $19 39. Nf3 Nxf3 40. Rxf3 Bg4) 39. Nf3 Nxf3 40. Bxf3 $2 (40. Rxf3 $17 {nur so!} Bg4 41. Rf2 Rd1+ 42. Rf1) 40... Bh3 41. Rg1 (41. Rb1 $142 Qf6 42. Qe3 Rxa2 43. Be2) 41... Qf6 42. Qa3 {[#]} Rxa2 $1 {[%mdl 512]} 43. Qb3 (43. Qxa2 Qxf3+) 43... Rf2 44. Bd1 {[#]} Rf1 (44... Bg2+ $142 $1 {[%mdl 512]} 45. Rxg2 Rf1+ 46. Rg1 Qf2 47. Rxf1 Qxf1#) 45. Qe3 Qb2 (45... Rxg1+ $142 46. Qxg1 b4) 46. Be2 Rxg1+ 47. Kxg1 Qb1+ 48. Kf2 Qh1 (48... b4 $142 49. Qc5 b3) 49. Bxb5 Qxh2+ 50. Ke1 {Precision: Weiß = 40%, Schwarz = 66%.} 1/2-1/2

[Event "11th KIIT Festival 2018"]
[Site "Bhubaneswar"]
[Date "2018.05.30"]
[Round "8"]
[White "Shyaamnikhil P"]
[Black "Mozharov, Mikhail"]
[Result "0-1"]
[WhiteElo "2401"]
[BlackElo "2558"]
[Annotator "TA"]
[PlyCount "76"]
[EventDate "2018.??.??"]
[EventType "swiss"]
[EventCountry "IND"]
[SourceTitle "playchess.com"]
[Source "ChessBase"]
[SourceQuality "1"]

{[%evp 26,76,3,-13,12,12,11,0,0,0,0,0,0,0,0,0,0,0,0,0,0,0,56,0,0,-10,0,0,0,0,0,0,0,0,24,25,28,0,0,-4,-4,-20,-27,-189,-32,-91,0,-66,-26,-36,-31,-9,-10]} 1. e4 c5 2. Nf3 Nc6 3. d4 cxd4 4. Nxd4 Nf6 5. Nc3 e5 6. Ndb5 d6 7. Nd5 Nxd5 8. exd5 Nb8 9. c4 Be7 10. Be2 O-O 11. O-O a6 12. Nc3 f5 13. Rb1 Nd7 14. b4 {LiveBook: 14 Games. B33: Sicilian: Pelikan and Sveshnikov Variations} Bg5 (14... e4 15. c5 Ne5 16. Bb2 Bd7 17. a4 Bf6 18. Rc1 Kh8 19. Ba3 Ng6 20. f4 exf3 21. Bxf3 Ne5 {½-½ (46) Polgar,J (2708)-Karjakin,S (2694) Bilbao 2007}) 15. Bxg5 $146 ({Predecessor:} 15. Na4 b6 16. Bxg5 Qxg5 17. f4 exf4 18. Qd4 Rb8 19. Rxf4 Ne5 20. Rbf1 Ng6 21. R4f2 {1-0 (30) Giaccio,A (2467)-Aranha Filho,A (2274) Sao Paulo 2005}) 15... Qxg5 16. c5 dxc5 17. d6 cxb4 18. Nd5 Rb8 19. f4 Qh6 20. Ne7+ Kh8 21. Rb3 exf4 22. Rh3 Qf6 $1 23. Qd5 b5 (23... b6 $11) 24. Rxf4 ({Better is} 24. Bh5 $1 $14 Bb7 {[#]} 25. Bg6 $1 {[%mdl 512]}) 24... Nb6 $1 $11 {[%cal Rb6d5]} 25. Qc5 Be6 26. Bd3 Nc4 ({Don't go for} 26... Bxa2 $2 27. Bxf5 h6 28. Ng6+ Qxg6 29. Bxg6 $18) 27. g4 {[%cal Rg4f5]} h6 28. gxf5 Bf7 29. Qd4 Qxd4+ 30. Rxd4 {Black must now prevent d7.} Ne5 31. f6 $40 {[%mdl 128] White mounts an attack.} Bxa2 32. fxg7+ Kxg7 33. Nf5+ Kf7 {[#] ...Ke6 is the strong threat.} 34. Be4 $2 (34. Re3 $1 $11 {and White has nothing to worry.} Nxd3 35. Nxh6+ Kg6 36. Rg3+ Kf6 37. Rgxd3) 34... Rh8 $2 (34... Be6 $19 35. Rd1 b3) 35. Nxh6+ (35. Re3 $15) 35... Ke6 (35... Kf6 $17 {And now ...Be6 would win.} 36. Rh5 Rbf8) 36. Bf5+ Kf6 {Hoping for ...Nf7.} 37. Rf4 {Strongly threatening Rg3.} Kg5 38. Rf2 {aiming for Rg2+.} Bd5 {[%mdl 32768] Precision: White = 47%, Black = 45%. . Loss on Time!?} ({But not} 38... Rxh6 $2 39. Rg3+ Kh5 40. Rfg2 $18) 0-1

[Event "11th KIIT Festival 2018"]
[Site "Bhubaneswar"]
[Date "2018.05.30"]
[Round "8"]
[White "Konguvel Ponnuswamy"]
[Black "Surendran N"]
[Result "0-1"]
[WhiteElo "2379"]
[BlackElo "2114"]
[Annotator "TA"]
[PlyCount "76"]
[EventDate "2018.??.??"]
[EventType "swiss"]
[EventCountry "IND"]
[SourceTitle "playchess.com"]
[Source "ChessBase"]
[SourceQuality "1"]

{[%evp 22,75,39,41,38,35,55,26,31,33,36,17,52,-13,-8,-8,168,-411,-380,-386,-391,-364,-365,-374,-393,-387,-383,-406,-407,-414,-408,-620,-456,-441,-425,-588,-409,-591,-406,-495,-471,-486,-481,-462,-460,-883,-871,-861,-856,-856,-831,-29997,-29998,-29998,-29999,-29999]} 1. e4 c5 2. Nf3 d6 3. d4 cxd4 4. Nxd4 Nf6 5. Nc3 a6 6. h3 e6 7. g4 {[%cal Bg2g4,Bg4g5][%mdl 32]} Be7 {B81: Sicilian Scheveningen: Keres Attack} (7... Nfd7 8. Bg2 Be7 9. Nce2 Nc6 10. c3 Nce5 11. O-O Ng6 12. f4 Nh4 13. Bh1 O-O 14. f5 e5 15. Nc2 {0-1 (57) Fedoseev,V (2724)-Grischuk,A (2767) Moscow 2018}) 8. g5 Nfd7 9. h4 b5 10. a3 Bb7 11. Be3 Nc6 12. Qd2 {LiveBook: 37 Games} Rc8 13. Nxc6 Bxc6 14. O-O-O Rb8 $1 15. h5 a5 $146 {next ...b4 is good for Black.} 16. b4 O-O 17. Rg1 (17. h6 $14) 17... axb4 $11 18. axb4 d5 $2 {[#]} (18... Ne5 $11 19. Be2 Nc4 20. Bxc4 bxc4) 19. h6 $4 {[%mdl 8192]} (19. Nxd5 $1 $18 {[%mdl 512] was the only winning move. Hoping for Qc3.} exd5 20. exd5) 19... Bxb4 $19 20. Qd4 {[%csl Gh6][%cal Rd4g7]} Ba3+ 21. Kb1 {[%csl Gh6][%cal Rd4g7]} e5 22. Qd3 d4 {And now ...Nc5 would win.} 23. Nd5 Ra8 ({Weaker is} 23... dxe3 24. Qxa3 exf2 25. Rg2 $17) 24. Bxd4 Bxd5 $1 25. exd5 {hxg7 is the strong threat.} Qa5 {Strongly threatening ...Nc5.} 26. Bc3 (26. Rg3 $142 Qb4+ 27. Qb3 exd4 28. Qxb4 Bxb4 29. Rxd4) 26... Bb4 27. Bb2 Nc5 28. Qxb5 Qa2+ 29. Kc1 Ba3 30. Bxa3 Qxa3+ 31. Qb2 Qxb2+ 32. Kxb2 Rfb8+ 33. Kc1 (33. Kc3 $142 Ne4+ 34. Kd3 Nxf2+ 35. Ke2 Nxd1 36. Kxd1) 33... Ne4 {[%cal Ra8a1]} 34. c4 Ra1+ 35. Kc2 Ra2+ 36. Kc1 Nc3 {[%csl Gc3][%cal Rb8b1] Black mates.} 37. Bd3 {[#]} Rb1+ $1 {[%mdl 512]} 38. Bxb1 Ne2# {Precision: White = 41%, Black = 76%.} 0-1

[Event "11th KIIT Festival 2018"]
[Site "Bhubaneswar"]
[Date "2018.05.30"]
[Round "8"]
[White "Rathnakaran, K."]
[Black "Tran, Tuan Minh"]
[Result "0-1"]
[WhiteElo "2377"]
[BlackElo "2512"]
[Annotator "TA"]
[PlyCount "74"]
[EventDate "2018.??.??"]
[EventType "swiss"]
[EventCountry "IND"]
[SourceTitle "playchess.com"]
[Source "ChessBase"]
[SourceQuality "1"]

{[%evp 25,74,-32,11,-79,-15,-65,-64,-72,-69,-78,-71,-156,-164,-174,-137,-152,-53,-95,-87,-95,-78,-117,-122,-116,-78,-115,-79,-134,-138,-153,-150,-162,-136,-577,-587,-1362,-1322,-1322,-1132,-985,-1004,-901,-717,-710,-702,-700,-691,-668,-652,-751,-731]} 1. e4 c5 2. Nf3 d6 3. d4 cxd4 4. Nxd4 Nf6 5. Nc3 a6 6. Be3 e5 7. Nb3 Be6 8. f3 Nbd7 9. Qd2 b5 10. O-O-O Nb6 11. Bxb6 {B90: Sicilian Najdorf: Unusual White 6th moves, 6 Be3 Ng4 and 6 Be3 e5} Qxb6 12. Nd5 Bxd5 13. exd5 Be7 {LiveBook: 6 Games} 14. g4 (14. Na5 $1 $11) (14. Na5 Rc8 15. Nc6 Nxd5 16. Nxe7 Nxe7 17. Qxd6 Qxd6 18. Rxd6 Nc6 {0-1 (45) Leko,P (2753)-Anand,V (2799) Morelia/Linares 2008}) 14... O-O (14... a5 $17 {Strongly threatening ...a4.} 15. Qd3 O-O) 15. h4 a5 {[%cal Ba6a5,Ba5a4][%mdl 32] White must now prevent ...a4.} 16. Kb1 a4 17. Nc1 b4 18. h5 (18. g5 $142 Nh5 19. Bd3) 18... Ra5 19. Bc4 $146 Rc8 20. b3 Rcc5 (20... h6 $1 $17 21. Rhe1 Rca8) 21. Nd3 Nxd5 22. Bxd5 Rxd5 23. Qxb4 Rdb5 $1 $36 {[%cal Rb5b4][%mdl 2048] Black has strong initiative.} 24. Qc3 axb3 25. cxb3 h6 26. Rc1 {[#]} ({White should play} 26. Qc8+ Bf8 27. Rhe1) 26... Ra8 $1 $17 27. Rh2 Bg5 28. Qc6 Qa5 29. f4 $2 {[%mdl 8192]} (29. Rc3 $17) 29... Bxf4 $19 {Black is clearly winning.} 30. Nxf4 {[#] Nd3 is the strong threat.} Rxb3+ $1 {[%mdl 512]} 31. Ka1 (31. axb3 Qa1+) 31... exf4 32. Re2 Re3 33. Rb2 Ra3 {[%cal Ra3a2]} 34. Kb1 Rxa2 35. Qxa8+ Qxa8 36. Rxa2 Qe4+ 37. Ka1 f3 {Precision: White = 29%, Black = 63%.} 0-1

[Event "11th KIIT Festival 2018"]
[Site "Bhubaneswar"]
[Date "2018.05.30"]
[Round "8"]
[White "Rajdeep Sarkar"]
[Black "Neelotpal, Das"]
[Result "1/2-1/2"]
[WhiteElo "2355"]
[BlackElo "2452"]
[Annotator "TA"]
[PlyCount "61"]
[EventDate "2018.??.??"]
[EventType "swiss"]
[EventCountry "IND"]
[SourceTitle "playchess.com"]
[Source "ChessBase"]
[SourceQuality "1"]

{[%evp 14,61,1,4,10,4,19,11,23,0,0,0,8,0,16,19,24,16,22,18,25,27,35,14,27,0,0,0,0,0,0,0,0,0,0,0,0,0,0,0,0,0,0,0,0,0,0,0,0,0]} 1. Nf3 Nf6 2. g3 d5 3. Bg2 g6 4. d4 Bg7 5. O-O O-O 6. c4 c6 7. Nbd2 a5 8. b3 a4 {D78: Fianchetto Grünfeld: 6 0-0 c6} 9. Ba3 Bf5 (9... Re8 10. e3 Bf5 11. Qe2 e6 12. h3 Ne4 13. Rfc1 h5 14. Ne5 Nxd2 15. Qxd2 Nd7 16. Nd3 {½-½ (49) Caruana,F (2799)-Grischuk,A (2782) Saint Louis 2017}) 10. e3 Ne4 11. Nxe4 Bxe4 12. Qe2 Re8 13. Bh3 $146 ({Predecessor:} 13. Rfd1 e6 14. Bf1 Bxf3 15. Qxf3 axb3 16. axb3 Nd7 {½-½ (34) Maiorov,N (2566)-Danin,A (2569) Padova 2015}) 13... Bxf3 14. Qxf3 e6 15. Rfd1 axb3 16. axb3 {Hoping for Be7!} Na6 17. Qe2 Qb6 18. Qc2 Rec8 19. Bf1 (19. Rdc1 {keeps more tension.} Qd8 20. Bb2 Nc7 21. Bf1 h5 22. h4) 19... c5 {[%cal Rc5d4] The position is equal.} 20. Bxc5 (20. Bb2 {is interesting.} Nb4 21. Qd2 cxd4 22. Bxd4 Bxd4 23. Rxa8 Rxa8 24. Qxd4 Qxd4 25. Rxd4 Ra2 26. cxd5 Nxd5 27. e4) 20... Nxc5 21. Rxa8 Rxa8 22. dxc5 Qxc5 23. Qd3 {[%cal Rc4d5]} dxc4 24. Qxc4 Qxc4 25. Bxc4 Ra1 26. Rxa1 Bxa1 $11 {KB-KB} 27. Kf1 b6 28. Ke2 Kf8 29. Kd3 Ke7 30. Bb5 f6 31. f4 {Precision: White = 57%, Black = 59%.} 1/2-1/2

[Event "11th KIIT Festival 2018"]
[Site "Bhubaneswar"]
[Date "2018.05.30"]
[Round "8"]
[White "Ravi, Teja S"]
[Black "Iniyan, P."]
[Result "1/2-1/2"]
[WhiteElo "2338"]
[BlackElo "2469"]
[Annotator "TA"]
[PlyCount "122"]
[EventDate "2018.??.??"]
[EventType "swiss"]
[EventCountry "IND"]
[SourceTitle "playchess.com"]
[Source "ChessBase"]
[SourceQuality "1"]

{[%evp 18,122,0,5,28,20,12,6,44,56,63,12,94,33,77,87,85,0,69,5,118,118,119,80,185,125,120,115,116,111,134,132,121,121,127,124,143,131,191,192,225,203,248,210,218,213,237,236,229,193,164,213,280,275,279,274,271,269,268,280,265,215,256,214,203,197,210,215,222,209,273,257,239,168,168,175,177,169,207,114,106,95,95,95,96,96,99,101,595,228,1296,588,29971,29968,29977,29978,29977,29971,12840,0,29957,29960,2737,0,0,0,29985]} 1. d4 Nf6 2. c4 g6 3. g3 Bg7 4. Bg2 O-O 5. Nf3 d6 6. O-O Nbd7 7. Nc3 e5 8. dxe5 dxe5 9. Qb3 {E67: King's Indian: Fianchetto: 6...Nbd7} (9. h3 c6 10. Qc2 Qc7 11. Rd1 Re8 12. e4 a5 13. Be3 Bf8 14. Na4 b6 15. c5 b5 16. Nb6 Rb8 17. Nxc8 Rbxc8 18. h4 {0-1 (65) Vakhidov,J (2578)-Jobava,B (2669) Almaty 2016}) 9... c6 10. Rd1 {LiveBook: 3 Games} Qc7 11. Qa3 {White has an edge.} Re8 $146 ({Predecessor:} 11... Rd8 12. Be3 Bf8 {0-1 (12) Szabo,E (2265)-Fritz,M (2336) LSS email 2012}) 12. Be3 Bf8 13. c5 $1 b6 {[%cal Rd7c5]} 14. cxb6 (14. b4 $14) 14... Nxb6 (14... Bxa3 $11 {keeps the balance.} 15. bxc7 Bxb2) 15. Qa5 (15. Bc5 $16) 15... e4 16. Nd2 {[%cal Rd2e4]} Bf5 17. Nc4 (17. Bd4 $16 Bg7 18. e3) 17... Ng4 (17... Qc8 $1 $11 18. Bxb6 (18. Nxb6 axb6 19. Qxb6 Rb8 $11) 18... axb6 19. Qxb6 Rb8) 18. Bc5 (18. Bxb6 $6 axb6 19. Qxb6 Qxb6 $15) (18. Bf4 $14 Qb7 19. Nd6 Bxd6 20. Bxd6) 18... Rab8 (18... Bxc5 $11 19. Qxc5 Nxc4 20. Qxc4 Qb6) 19. Bxf8 $16 Rxf8 20. Nd6 Na8 (20... e3 $16) 21. Qxc7 (21. Qa3 $18) 21... Nxc7 22. h3 $36 {[%mdl 2048] White is on the roll.} (22. Bxe4 Bxe4 23. Ncxe4 Rxb2 $14) 22... Nf6 23. b3 (23. Ndxe4 $6 Nxe4 24. Nxe4 (24. Bxe4 Bxe4 25. Nxe4 Rxb2 $11) 24... Rxb2 $14) 23... Ncd5 24. Rac1 ({Much weaker is} 24. Ncxe4 $6 Bxe4 25. Nxe4 Nxe4 $11) ({But not} 24. Ndxe4 $6 Nxe4 25. Nxe4 Bxe4 $11) 24... Nxc3 25. Rxc3 Rfd8 26. Rxc6 Be6 27. Rd2 Bd5 (27... Rd7 $16) 28. Ra6 $18 Kg7 29. e3 h5 30. Rd4 Rd7 31. g4 hxg4 32. hxg4 {Hoping for g5.} Be6 33. Nxe4 Rxd4 34. exd4 {aiming for Nxf6.} Nxg4 35. Nc5 ({Much less strong is} 35. Rxa7 $6 Rd8 $18) 35... Bf5 36. Rxa7 Rd8 37. d5 Re8 38. Bf3 Ne5 39. Be2 g5 40. Rc7 Ng6 41. Bh5 Re1+ 42. Kh2 Ne5 43. d6 $1 Kh6 44. Bxf7 Rd1 45. Be6 Bxe6 46. Nxe6 {And now Nf8 would win.} Rxd6 {[%mdl 4096] Endgame [#] KRN-KRN} 47. Nf8 $1 {[%csl Gf8][%cal Rc7h7]} Kh5 48. Re7 (48. Kg3 $18) 48... Nc6 $16 49. Re6 Rd2 50. Rxc6 Rxf2+ 51. Kg3 Rxf8 {KR-KR} 52. Rc2 Rd8 $2 {[%mdl 8192]} (52... Rf4 $16 {is more resistant.} 53. Rb2 Rg4+ 54. Kf3 Rb4) 53. b4 $18 Rd3+ $2 (53... Kg6 54. b5 Kf6 55. Rf2+ Ke6) 54. Kf2 (54. Kg2 $142 Kg4 55. b5 Rg3+ 56. Kf1 Rf3+ 57. Rf2) 54... Kh4 55. b5 Rh3 56. Kg1 Rg3+ 57. Kh2 Rh3+ 58. Kg1 (58. Kg2 $18 Rg3+ 59. Kf1) 58... Rg3+ $1 59. Rg2 Rc3 {[#]} 60. b6 $2 (60. Rb2 $1 $18 Rg3+ 61. Kh1) 60... Rc1+ $11 61. Kh2 Ra1 $2 {[%mdl 40960] Precision: White = 59%, Black = 39%. . An unexpected result.} (61... Rb1 $11) 1/2-1/2

[Event "11th KIIT Festival 2018"]
[Site "Bhubaneswar"]
[Date "2018.05.30"]
[Round "8"]
[White "Aronyak Ghosh"]
[Black "Das, Sayantan"]
[Result "1/2-1/2"]
[WhiteElo "2294"]
[BlackElo "2437"]
[Annotator "TA"]
[PlyCount "60"]
[EventDate "2018.??.??"]
[EventType "swiss"]
[EventCountry "IND"]
[SourceTitle "playchess.com"]
[Source "ChessBase"]
[SourceQuality "1"]

{[%evp 21,60,0,0,-16,-16,-20,-1,-14,0,0,0,0,10,13,5,1,4,8,38,30,43,22,44,25,17,18,108,0,72,-13,27,-25,68,0,174,172,202,197,246,233,297]} 1. d4 d5 2. Bg5 Nf6 3. Bxf6 exf6 4. e3 Bd6 5. c4 dxc4 6. Bxc4 O-O 7. Nc3 c6 8. Nf3 f5 9. O-O Nd7 10. Qc2 {D00: 1 d4 d5: Unusual lines} Nf6 11. Rfd1 (11. a3 Qe7 12. b4 Bd7 13. Bd3 g6 14. Na4 Rad8 15. Nc5 Bc8 16. Bc4 Kg7 17. Rab1 Ne4 {½-½ (50) Korobov,A (2715)-Leko,P (2737) Kiev 2013}) 11... Qe7 {LiveBook: 8 Games} 12. Bf1 {The position is equal.} g6 13. a3 $146 ({Predecessor:} 13. g3 Bd7 14. Bg2 Rfd8 15. a4 a5 16. d5 Nxd5 17. Nxd5 cxd5 {0-1 (44) Olund,J (2328)-Frisk,E (2232) Sunne 2015}) 13... b6 14. a4 a6 15. g3 Bb7 16. Bg2 Rab8 17. Nd2 c5 18. d5 Rfd8 19. Nc4 Ba8 20. Qe2 Qb7 21. Qf1 h5 22. Ra3 h4 23. Rb3 Qa7 (23... hxg3 $11 {remains equal.} 24. hxg3 Qa7) 24. Bf3 (24. gxh4 $16 Ng4 25. h3 (25. Nxd6 Rxd6 26. h5 Qe7 $14)) 24... Kg7 (24... hxg3 $11 25. hxg3 Bf8) 25. Qg2 (25. gxh4 $16 {Hoping for h5!} Bc7 26. Qg2) 25... Qc7 26. Qf1 ({White should play} 26. gxh4 Rh8 27. Nxd6 Qxd6 28. Qg3) 26... Qa7 ({Better is} 26... Be5 $11) 27. Qg2 (27. gxh4 $14 Bc7 28. h5) 27... Rd7 $2 {[#]} (27... hxg3 $11 28. hxg3 Qc7) 28. gxh4 $18 {White is clearly better.} Qc7 29. h5 $1 Rdd8 30. hxg6 fxg6 {[%mdl 32768] Precision: White = 41%, Black = 16%. . An unexpected result.} 1/2-1/2

[Event "11th KIIT Festival 2018"]
[Site "Bhubaneswar"]
[Date "2018.05.30"]
[Round "8"]
[White "Patil, Pratik"]
[Black "Rahman, Ziaur"]
[Result "1-0"]
[WhiteElo "2259"]
[BlackElo "2495"]
[Annotator "TA"]
[PlyCount "84"]
[EventDate "2018.??.??"]
[EventType "swiss"]
[EventCountry "IND"]
[SourceTitle "playchess.com"]
[Source "ChessBase"]
[SourceQuality "1"]

{[%evp 14,84,25,14,12,14,13,10,0,19,37,37,17,3,20,-33,-33,-33,-33,-33,-35,-37,-33,-40,-40,-32,-33,-33,-27,-29,-30,-67,-74,-107,-90,-90,-89,-89,-89,-110,-95,-125,-97,-122,-122,-122,-69,-69,-72,-72,-69,-78,-45,-51,-52,-45,0,0,0,0,0,-76,-64,-75,-69,-109,-49,-79,-70,-637,-556,-1264,102]} 1. e4 g6 2. d4 Bg7 3. Nc3 d6 4. Be3 a6 5. a4 Nf6 6. h3 O-O 7. Nf3 Nc6 8. Qd2 e5 {B08: Pirc Defence: Classical System} 9. dxe5 dxe5 10. Qxd8 Rxd8 {The position is equal.} 11. Bc4 Nb4 $146 ({Predecessor:} 11... Be6 12. Bxe6 fxe6 13. Rd1 Ne8 14. Bg5 Rd6 15. Nb1 b5 16. axb5 axb5 {0-1 (41) Popovic,D (2579)-Skoberne,J (2549) Al Ain 2012}) 12. Rc1 ({Of course not} 12. Nxe5 Nxc2+ 13. Ke2 Be6 $15) 12... Ne8 13. Bc5 a5 14. Nd5 (14. Ng5 $11 Rd7 15. Bb5) 14... Nxd5 $15 15. Bxd5 Nf6 16. Be7 Rxd5 17. Bxf6 $1 Rc5 18. Bxg7 Kxg7 19. c4 b6 20. Ke2 Bb7 $36 {[%mdl 2048] Black has good play.} 21. Ke3 f5 22. Nd2 Rc6 23. Rc3 Rd8 24. Rd3 Rxd3+ 25. Kxd3 $17 {[%mdl 4096] Endgame KRB-KRN} Rd6+ 26. Ke3 fxe4 $1 27. Rc1 {[#]} Rd3+ $1 28. Ke2 Bc6 29. b3 Rd4 (29... Kf6 $17 30. f3 Rd4 31. Nxe4+ Bxe4 32. fxe4 Rxe4+ 33. Kd3 Rd4+ 34. Ke3 Kf5) 30. Rc3 $1 $15 Kf6 31. Ke3 Kf5 32. c5 {Hoping for cxb6.} b5 33. axb5 Bxb5 34. g4+ Kg5 {[#] Strongly threatening ...Kh4.} 35. f4+ $1 {[%mdl 512]} Kh4 {Threatens to win with ...Rxd2!} (35... exf4+ 36. Kxd4) 36. fxe5 Rd5 37. Nxe4 (37. Nc4 $1 $11 {remains equal.}) 37... Rxe5 $17 38. Kf4 Re8 {White must now prevent ...g5+!} 39. Nf6 {[#]} Re7 (39... Re6 $1 $17 {[%cal Re6f6]} 40. Nd5 g5+ 41. Kf5 Bd7) 40. c6 $15 Re6 41. Nd5 $2 {[%mdl 8192]} (41. Nxh7 $15 Rxc6 42. Re3) 41... Bxc6 $19 42. Nxc7 Re4+ {Precision: White = 53%, Black = 72%.} 1-0

[Event "11th KIIT Festival 2018"]
[Site "Bhubaneswar"]
[Date "2018.05.30"]
[Round "8"]
[White "Rahman Md. Taibur"]
[Black "Khusenkhojaev, Muhammad"]
[Result "1/2-1/2"]
[WhiteElo "2234"]
[BlackElo "2456"]
[Annotator "TA"]
[PlyCount "67"]
[EventDate "2018.??.??"]
[EventType "swiss"]
[EventCountry "IND"]
[SourceTitle "playchess.com"]
[Source "ChessBase"]
[SourceQuality "1"]

{[%evp 24,67,-1,-7,31,38,64,14,10,18,43,-16,-16,-10,-31,-29,23,0,0,0,43,35,41,45,52,38,47,55,48,32,191,0,0,0,0,0,0,0,6,0,0,0,0,0,0,0]} 1. d4 Nf6 2. c4 g6 3. Nc3 d5 4. cxd5 Nxd5 5. e4 Nxc3 6. bxc3 Bg7 7. Be3 c5 8. Rc1 Qa5 9. Qd2 e6 10. Nf3 O-O 11. d5 exd5 {D85: Exchange Grünfeld: Unusual White 7th moves and lines with 7 Nf3} 12. exd5 Bf5 13. Be2 {LiveBook: 3 Games} Na6 14. O-O {[#]} Rfe8 $146 ({Predecessor:} 14... Rad8 15. Bxa6 Qxa6 16. Bxc5 {½-½ (38) Lputian,S (2540)-Tukmakov,V (2590) Simferopol 1988}) 15. Qb2 Qb6 16. Qa3 Rac8 17. Nd2 (17. Rfd1 $14) 17... Nc7 $1 $11 {[%cal Ba6c7,Bc7d5,Bd5f4,Bf4e2][%mdl 32]} 18. Nc4 Qf6 19. Qxc5 {[#] aiming for Nd6.} Bf8 (19... b6 $142 20. Qc6 Red8) 20. Qxa7 Nxd5 21. Bf3 $36 {[%mdl 2048] White fights for an advantage.} Be4 22. Bxe4 Rxe4 23. Qxb7 Qe6 24. Nd2 Ra4 25. Bd4 Nf4 26. Rce1 Qg4 $2 {[#]} (26... Qd5 $14 27. Qxd5 Nxd5) 27. Qf3 $2 (27. g3 $1 $18) 27... Qxf3 {The position is equal.} 28. Nxf3 Rxa2 29. g3 Ne2+ 30. Kg2 Rc2 31. Rd1 Nxc3 32. Rc1 Nb5 33. Rxc2 Rxc2 34. Be3 {Precision: White = 49%, Black = 43%.} 1/2-1/2